| 000 | 00600aam a2200205 4500 | ||
|---|---|---|---|
| 001 | 7372 | ||
| 003 | Uk | ||
| 005 | 20250609150111.0 | ||
| 006 | m || d | | ||
| 007 | cr ||||||||||| | ||
| 008 | 040401s2004 enka ob 001 0 eng | ||
| 020 | _a9780824828790 | ||
| 082 | 0 | 4 | _a305.56 BAO |
| 100 | 1 | _aBao, Jiemin. | |
| 245 | 1 | 0 |
_aMarital acts : _bgender, sexuality, and identity among the Chinese Thai diaspora. |
| 260 |
_aHonolulu : _bUniversity of Hawaii Press, _c2005. |
||
| 300 |
_axi, 215 p. : _bill, : _c26 cm. |
||
| 504 | _aIncludes bibliographical references and index. | ||
| 942 |
_2ddc _cMAIN |
||
| 999 |
_c10330 _d10331 |
||